[Event "AUTO-ELITE-2047"]
[Site "http://www.queenalice.com/game.php?id=1547343"]
[Date "2018.10.27"]
[Round "1"]
[White "lida"]
[Black "punk"]
[Result "1-0"]
[WhiteElo "2498"]
[BlackElo "2185"]

1. e4 b6 2. d4 e6 3. Nf3 Bb7 4. Bd3 d6 5. O-O Nd7 6. c4 Ngf6 7. Nc3 e5 8. Qe2
Be7 9. Bc2 O-O 10. Rd1 Qc8 11. h3 a6 12. Nd5 Nxd5 13. exd5 f5 14. dxe5 dxe5 15.
Nxe5 Nxe5 16. Qxe5 Bd6 17. Qd4 Qd7 18. Bf4 Rae8 19. Bxd6 Qxd6 20. Re1 Bc8 21.
Qc3 a5 22. Ba4 Bd7 23. Bxd7 Qxd7 24. Rxe8 Rxe8 25. Re1 Kf7 26. Rxe8 Qxe8 27. Qe3
Qe4 28. Qxe4 fxe4 29. Kf1 Kf6 30. Ke2 h5 31. Ke3 Ke5 32. h4 a4 33. a3 g6 34. g3
b5 35. cxb5 Kxd5 36. Kf4 Kd4 37. g4 Kd3 38. gxh5 gxh5 39. Ke5 Kc4 40. Kxe4 Kb3
41. f4 1-0

[Event "AUTO-ELITE-2047"]
[Site "http://www.queenalice.com/game.php?id=1547348"]
[Date "2018.10.27"]
[Round "1"]
[White "Andalgala"]
[Black "lida"]
[Result "0-1"]
[WhiteElo "2246"]
[BlackElo "2500"]

1. d4 Nf6 2. Nf3 g6 3. b3 Bg7 4. Bb2 O-O 5. e3 d6 6. Be2 Nbd7 7. O-O Re8 8. c4
b6 9. Nbd2 Bb7 10. Rc1 e5 11. dxe5 dxe5 12. Qc2 e4 13. Nd4 Qe7 14. a3 Rad8 15.
b4 c5 16. Nb5 a6 17. Nc7 Rf8 18. b5 axb5 19. Nxb5 Ne5 20. Rfd1 Nd3 21. Bxd3 exd3
22. Qb3 Ng4 23. Bxg7 Qh4 24. Nf1 Qxf2+ 0-1

[Event "AUTO-ELITE-2047"]
[Site "http://www.queenalice.com/game.php?id=1547349"]
[Date "2018.10.27"]
[Round "1"]
[White "lida"]
[Black "Andalgala"]
[Result "1-0"]
[WhiteElo "2508"]
[BlackElo "2240"]

1. e4 d6 2. d4 g6 3. Nc3 Nd7 4. Nf3 Bg7 5. Bc4 e6 6. Bg5 Ne7 7. Qd2 h6 8. Be3 a6
9. a4 b6 10. O-O Bb7 11. d5 e5 12. Qe2 O-O 13. Qd2 Kh7 14. Nh4 f5 15. exf5 gxf5
16. f3 Qe8 17. g3 Ng6 18. Nxg6 Qxg6 19. Rae1 Nf6 20. Kh1 Rae8 21. g4 Nxg4 22.
fxg4 Qxg4 23. Be2 Qg6 24. Rg1 Qf6 25. Bh5 f4 26. Bxe8 fxe3 27. Qd3+ Kh8 28. Rgf1
Qe6 29. Rxf8+ Bxf8 30. Bc6 Bc8 31. dxe6 1-0

[Event "AUTO-OPEN-3894"]
[Site "http://www.queenalice.com/game.php?id=1558417"]
[Date "2019.1.28"]
[Round "2"]
[White "attachui"]
[Black "lida"]
[Result "0-1"]
[WhiteElo "2194"]
[BlackElo "2533"]

1. d4 Nf6 2. c4 e6 3. Nc3 Bb4 4. Qc2 O-O 5. a3 Bxc3+ 6. Qxc3 b6 7. Nf3 Bb7 8.
Bf4 d6 9. e3 Nbd7 10. Bd3 Qe7 11. O-O Bxf3 12. gxf3 e5 13. dxe5 Nxe5 0-1

[Event "AUTO-OPEN-3867"]
[Site "http://www.queenalice.com/game.php?id=1559391"]
[Date "2019.2.3"]
[Round "3"]
[White "Sarratt"]
[Black "lida"]
[Result "0-1"]
[WhiteElo "2323"]
[BlackElo "2543"]

1. d4 Nf6 2. c4 e6 3. Nc3 Bb4 4. e3 O-O 5. Ne2 d5 6. a3 Be7 7. cxd5 exd5 8. b4
c6 9. Ng3 Re8 10. Bd3 Nbd7 11. O-O Nb6 12. Rb1 Bd6 13. b5 Bd7 14. a4 Rc8 15. a5
Nc4 16. a6 bxa6 17. bxa6 Rb8 18. Qc2 h5 19. Bd2 h4 20. Nf5 Na3 21. Rxb8 Bxh2+
22. Kh1 Bxb8 23. Qd1 Ne4 24. Bxe4 dxe4 25. Qb3 Bxf5 26. Qxa3 Qc7 27. g3 hxg3 28.
f4 exf3 29. Rxf3 g2+ 0-1

[Event "AUTO-OPEN-3867"]
[Site "http://www.queenalice.com/game.php?id=1559392"]
[Date "2019.2.3"]
[Round "3"]
[White "lida"]
[Black "Sarratt"]
[Result "1-0"]
[WhiteElo "2548"]
[BlackElo "2318"]

1. e4 e5 2. Nf3 Nc6 3. Bb5 a6 4. Ba4 d6 5. O-O Bd7 6. c3 g6 7. d4 Nf6 8. Re1 Bg7
9. Nbd2 O-O 10. h3 Qe7 11. Nf1 b5 12. Bc2 Na5 13. b3 c5 14. Bg5 h6 15. Bxf6 Bxf6
16. dxc5 dxc5 17. Ne3 Bc6 18. Nd5 Qd6 19. Qd2 Bg7 20. c4 Nb7 21. Qe3 Rfd8 22. a4
b4 23. Rad1 Bxd5 24. h4 Be6 25. Rxd6 Rxd6 26. Rd1 Rad8 27. Rxd6 Rxd6 28. Ne1 Kf8
29. Nd3 Rd4 30. f4 f6 31. fxe5 fxe5 32. Qg3 Rxe4 33. Qxg6 1-0

[Event "AUTO-OPEN-3912"]
[Site "http://www.queenalice.com/game.php?id=1560837"]
[Date "2019.2.12"]
[Round "2"]
[White "lida"]
[Black "tucuman"]
[Result "1-0"]
[WhiteElo "2534"]
[BlackElo "2074"]

1. e4 e5 2. Nf3 d6 3. d4 exd4 4. Nxd4 Bd7 5. Nc3 Nc6 6. Be3 a6 7. Be2 Nf6 8. O-O
Be7 9. h3 O-O 10. Qd2 Nxd4 11. Bxd4 Bc6 12. Rfe1 Bxe4 13. Bxf6 Bxf6 14. Nxe4 Be5
15. c3 Qh4 16. Bf3 f5 17. Qg5 Qxg5 18. Nxg5 Rab8 19. Ne6 Rf7 20. Bd5 c6 21. Bb3
Kh8 22. Ng5 Rf6 23. Nf7+ Rxf7 24. Bxf7 Rf8 25. Bb3 f4 26. Rad1 g5 27. c4 b6 28.
Bc2 c5 29. Kf1 h5 30. Rd5 Rf6 31. Rexe5 dxe5 32. Rxe5 g4 33. Rxh5+ Kg7 34. Rg5+
Kf7 35. Rxg4 b5 36. cxb5 axb5 37. h4 Ke6 38. Rg6 Rxg6 39. Bxg6 Kf6 40. h5 b4 41.
b3 Kg5 42. Ke2 Kh6 43. Kf3 Kg5 44. Ke4 1-0

[Event "AUTO-OPEN-3912"]
[Site "http://www.queenalice.com/game.php?id=1560838"]
[Date "2019.2.12"]
[Round "2"]
[White "tucuman"]
[Black "lida"]
[Result "0-1"]
[WhiteElo "2072"]
[BlackElo "2535"]

1. d4 Nf6 2. Bf4 g6 3. e3 Bg7 4. Nf3 O-O 5. Be2 d6 6. O-O Nbd7 7. Nbd2 Re8 8. c4
e5 9. dxe5 dxe5 10. Bg5 Nc5 11. b4 Ne6 12. Nb3 e4 13. Bxf6 Qxd1 14. Raxd1 exf3
15. Bxf3 Bxf6 16. c5 Ng5 17. Bd5 c6 18. Bc4 Be6 19. Bxe6 Nxe6 20. a3 Rad8 21.
Na5 Rxd1 22. Rxd1 Rd8 23. Rxd8+ Nxd8 24. Nc4 Kf8 25. g4 Ke7 26. f4 Ke6 27. e4
Bd4+ 28. Kg2 f6 29. Kf3 b5 30. cxb6 axb6 31. a4 Nb7 32. h4 Nd6 33. Nd2 Bc3 34.
Nb3 Bxb4 35. Nd4+ Kd7 36. e5 fxe5 37. fxe5 Nc4 38. Kf4 Bd2+ 39. Ke4 c5 40. Nf3
Bc1 41. g5 Ke6 42. Kd3 Nxe5+ 43. Nxe5 Kxe5 44. Kc4 Kd6 45. Kb5 Kc7 46. Kc4 Bf4
47. Kd5 Bg3 48. Kc4 Bxh4 0-1

[Event "AUTO-ELITE-2047"]
[Site "http://www.queenalice.com/game.php?id=1565827"]
[Date "2019.3.28"]
[Round "2"]
[White "lida"]
[Black "kookaburra"]
[Result "1-0"]
[WhiteElo "2539"]
[BlackElo "2277"]

1. e4 c5 2. Nf3 Nc6 3. d4 cxd4 4. Nxd4 Nf6 5. Nc3 d6 6. Bg5 e6 7. Qd2 Qb6 8. Nb3
a5 9. Be3 Qc7 10. a3 Be7 11. f3 O-O 12. Nd4 Bd7 13. Ndb5 Qb8 14. Rd1 Rd8 15. Bb6
Rc8 16. Nxd6 Bxd6 17. Qxd6 Ne5 18. Qxb8 Raxb8 19. Bd4 Nc4 20. Bxc4 Rxc4 21. Bxf6
gxf6 22. Rxd7 b5 23. Kd2 b4 24. axb4 axb4 25. Na4 b3 26. Nc3 bxc2 27. Kxc2 Rcb4
28. Rb1 Kf8 29. Rc7 Kg7 30. b3 Kg6 31. Rc4 R4b7 32. b4 h5 33. b5 h4 34. Rc6 Kg5
35. b6 Kf4 36. Rb3 Ke3 37. Na4+ Kf2 38. Nc5 Kxg2 39. Nxb7 Rxb7 40. Rc7 Rb8 41.
b7 1-0

[Event "AUTO-ELITE-2047"]
[Site "http://www.queenalice.com/game.php?id=1565828"]
[Date "2019.3.28"]
[Round "2"]
[White "kookaburra"]
[Black "lida"]
[Result "0-1"]
[WhiteElo "2281"]
[BlackElo "2536"]

1. Nf3 Nf6 2. c4 g6 3. Nc3 Bg7 4. e4 d6 5. d4 O-O 6. Bg5 h6 7. Be3 Ng4 8. Bd2 e5
9. d5 f5 10. Bd3 Na6 11. Qe2 Nc5 12. Bc2 Nf6 13. O-O-O Ncxe4 14. Nxe4 fxe4 15.
Bxe4 Nxe4 16. Qxe4 Bf5 17. Qe3 a5 18. h3 g5 19. Bc3 Qd7 20. b3 a4 21. b4 Bh7 22.
Kb2 a3+ 23. Ka1 Rf4 24. Nd2 Rd4 25. f3 Rd3 26. Qxd3 Bxd3 27. Bxe5 dxe5 28. Rhe1
Qa4 29. Rxe5 Qxd1+ 30. Nb1 Bxb1 31. h4 gxh4 32. g3 hxg3 33. d6 cxd6 34. c5 dxc5
35. bxc5 Rf8 36. c6 bxc6 37. f4 Bxe5+ 38. fxe5 Bxa2+ 39. Kxa2 Qe2+ 40. Ka1 Qxe5+
41. Ka2 Qb2# 0-1

[Event "AUTO-OPEN-3894"]
[Site "http://www.queenalice.com/game.php?id=1569591"]
[Date "2019.5.3"]
[Round "3"]
[White "lida"]
[Black "tucuman"]
[Result "1-0"]
[WhiteElo "2552"]
[BlackElo "2072"]

1. e4 e5 2. Nf3 d6 3. d4 exd4 4. Nxd4 Bd7 5. Nc3 Nc6 6. Bd3 Nxd4 7. Be3 Ne6 8.
f3 Nf6 9. O-O Be7 10. Bc4 O-O 11. a4 a6 12. Qd2 c5 13. a5 Re8 14. Rfd1 Qc7 15.
Qf2 Nh5 16. Nd5 Qd8 17. Nb6 Rb8 18. e5 Qc7 19. Nd5 Qd8 20. Nxe7+ 1-0

[Event "AUTO-OPEN-3894"]
[Site "http://www.queenalice.com/game.php?id=1569592"]
[Date "2019.5.3"]
[Round "3"]
[White "tucuman"]
[Black "lida"]
[Result "0-1"]
[WhiteElo "2074"]
[BlackElo "2551"]

1. d4 Nf6 2. Bf4 g6 3. Nf3 Bg7 4. e3 O-O 5. c4 d6 6. Nbd2 Nbd7 7. Be2 Re8 8. O-O
e5 9. dxe5 dxe5 10. Bg3 b6 11. Rb1 Qe7 12. h3 Bb7 13. b4 a5 14. b5 Rad8 15. Bh4
Nc5 16. Nh2 Nce4 17. Rb2 g5 18. Bg3 Qa3 19. Qc1 Nxd2 0-1

[Event "AUTO-OPEN-3987"]
[Site "http://www.queenalice.com/game.php?id=1576369"]
[Date "2019.7.4"]
[Round "2"]
[White "lida"]
[Black "Spiritus"]
[Result "1-0"]
[WhiteElo "2555"]
[BlackElo "2383"]

1. e4 e5 2. Nf3 Nc6 3. Bb5 Nf6 4. O-O Nxe4 5. Re1 Nd6 6. Nxe5 Be7 7. Bf1 Nf5 8.
Nf3 d5 9. d4 O-O 10. c3 Be6 11. Bd3 g6 12. Na3 Bf6 13. Bf4 a6 14. Nc2 Re8 15.
Bxf5 Bxf5 16. Rxe8+ Qxe8 17. Ne3 Qd7 18. Qb3 Be4 19. Ne5 Bxe5 20. dxe5 Na5 21.
Qb4 b6 22. Rd1 Nc6 23. Qxe4 1-0

[Event "AUTO-OPEN-3987"]
[Site "http://www.queenalice.com/game.php?id=1576370"]
[Date "2019.7.4"]
[Round "2"]
[White "Spiritus"]
[Black "lida"]
[Result "0-1"]
[WhiteElo "2376"]
[BlackElo "2560"]

1. d4 Nf6 2. c4 e6 3. Nc3 Bb4 4. e3 O-O 5. Bd3 d5 6. Nf3 c5 7. O-O Nc6 8. a3
Bxc3 9. bxc3 dxc4 10. Bxc4 Qc7 11. Bb2 e5 12. h3 Bf5 13. Qe2 Rfd8 14. Ba2 e4 15.
Nd2 b5 16. Rad1 c4 17. Bb1 Na5 18. f3 exf3 19. Nxf3 Bxb1 20. Rxb1 Ne4 21. Rfe1
Nb3 22. Rbd1 Re8 23. Qc2 Qg3 24. Bc1 f6 25. Re2 Qg6 26. Nd2 Nbxd2 27. Bxd2 Ng3
0-1

[Event "AUTO-OPEN-3987"]
[Site "http://www.queenalice.com/game.php?id=1583853"]
[Date "2019.9.17"]
[Round "3"]
[White "lida"]
[Black "CCapivara"]
[Result "1-0"]
[WhiteElo "2564"]
[BlackElo "2227"]

1. e4 d6 2. d4 Nf6 3. Nc3 c6 4. f4 Qa5 5. Bd3 e5 6. Nf3 Bg4 7. Be3 Nbd7 8. O-O
Be7 9. h3 Bxf3 10. Qxf3 O-O 11. Ne2 Kh8 12. c3 Rg8 13. g4 exf4 14. Qxf4 g5 15.
Qg3 h5 16. Rf5 d5 17. e5 Nh7 18. Rxf7 Qd8 19. Rxh7# 1-0

[Event "AUTO-OPEN-3987"]
[Site "http://www.queenalice.com/game.php?id=1583854"]
[Date "2019.9.17"]
[Round "3"]
[White "CCapivara"]
[Black "lida"]
[Result "0-1"]
[WhiteElo "2214"]
[BlackElo "2565"]

1. e4 c5 2. Nf3 d6 3. d4 cxd4 4. Nxd4 Nf6 5. Nc3 a6 6. Bg5 e6 7. f4 Be7 8. Qf3
h6 9. Bxf6 Bxf6 10. O-O-O Qb6 11. Nb3 Nd7 12. g4 Qc7 13. Nd4 g5 14. f5 Ne5 15.
Qg3 b5 16. fxe6 fxe6 17. Be2 Ng6 18. Bxb5+ axb5 19. Ndxb5 Qb8 20. Nxd6+ Ke7 21.
Rhf1 Nf4 22. Rxf4 gxf4 23. Qxf4 Bg5 0-1